Entry Personal Name
Number of records used in: 1
001 - CONTROL NUMBER
003 - CONTROL NUMBER IDENTIFIER
005 - DATE AND TIME OF LATEST TRANSACTION
- control field:
20220103142345.0
008 - FIXED-LENGTH DATA ELEMENTS
- fixed length control field:
070501n| acannaabn |n aaa c
010 ## - LIBRARY OF CONGRESS CONTROL NUMBER
- LC control number:
no2007048251
035 ## - SYSTEM CONTROL NUMBER
- System control number:
(OCoLC)oca07398247
040 ## - CATALOGING SOURCE
- Original cataloging agency:
ViNSC
- Language of cataloging:
eng
- Transcribing agency:
ViNSC
100 1# - HEADING--PERSONAL NAME
- Personal name:
Cruz, Albert M.
670 ## - SOURCE DATA FOUND
- Source citation:
Crime scene intelligence, 2006:
- Information found:
t.p. (Albert M. Cruz)